000
00275nam a2200109Ia 4500
001
587603
005
20250717113818.0
008
250717s9999 xx 000 0 und d
245
0
_a
W-2 İYİ GECELER BOZİ
_c
YALVAÇ URAL
260
_b
YAPI KREDİ YAYINLARI
_c
2020
300
_b
22
999
_c
587603
_d
587603